MARC

LEADER 00000nam0a2200000 4500
001 300242
005 20231102001301.0
020 |a RU  |b 83-3365 
035 |a (RuTPU)RU\TPU\book\325395 
090 |a 300242 
100 |a 20150708d1982 km y0rusy5003 ca 
101 0 |a rus 
102 |a RU 
105 |a y g 000zy 
200 1 |a Справочник системного программиста по операционной системе ОС ЕС  |f В. П. Данилочкин, Б. В. Одинцов, Г. В. Пеледов  |g под ред. Л. Д. Райкова 
210 |a Москва  |c Финансы и статистика  |d 1982 
215 |a 288 с. 
606 1 |a Вычислительные системы на интегральных микросхемах  |x Математическое обеспечение  |2 stltpush  |3 (RuTPU)RU\TPU\subj\4383  |9 32664 
606 1 |a Вычислительные машины электронные  |x Операционные системы  |2 stltpush  |3 (RuTPU)RU\TPU\subj\4125  |9 32431 
610 1 |a справочники 
610 1 |a дистрибутивные ссстемы 
610 1 |a генерация 
610 1 |a команды 
610 1 |a мониторные системы 
610 1 |a трассировка 
610 1 |a программное обеспечение 
610 1 |a комплексирование 
610 1 |a тестирующие программы 
610 1 |a системные программы 
610 1 |a блоки 
675 |a 681.3.066(035.5)  |z rus  |v 3 
675 |a 681.324.06:621.382.049(035.5)  |z rus  |v 3 
700 1 |a Данилочкин  |b В. П.  |g Валерий Петрович  |4 070 
701 1 |a Одинцов  |b Б. В.  |g Борис Васильевич 
701 1 |a Пеледов  |b Г. В.  |g Геннадий Васильевич 
702 1 |a Райков  |b Л. Д.  |4 340 
801 0 |a RU  |b RuMRKP  |c 19950704  |g psbo 
801 1 |a RU  |b 63413507  |c 20150708 
801 2 |a RU  |b 63413507  |c 20190212  |g RCR 
942 |c BK